|
|
|
|
| LEADER |
00000nam0a2200000 4500 |
| 001 |
339943 |
| 005 |
20231102005206.0 |
| 035 |
|
|
|a (RuTPU)RU\TPU\book\366487
|
| 090 |
|
|
|a 339943
|
| 100 |
|
|
|a 20180206d1971 km y0rusy50 ca
|
| 101 |
1 |
|
|a rus
|c eng
|
| 102 |
|
|
|a RU
|
| 105 |
|
|
|a a z 000zy
|
| 200 |
1 |
|
|a Инженерная психология в применении к проектированию оборудования. Разработано и составлено Объединеннмым координационным комитетом сухопутных, военно-морских и военно-воздушных сил США
|d Human engineering guide to equipment design
|f под ред. К. Т. Моргана, А. Чапаниса, Д. С. Кука, М. У. Ланда
|
| 210 |
|
|
|a Москва
|c Машиностроение
|d 1971
|
| 215 |
|
|
|a 488 с.
|c ил.
|
| 510 |
1 |
|
|a Human engineering guide to equipment design
|z eng
|
| 606 |
1 |
|
|a Инженерная психология
|2 stltpush
|3 (RuTPU)RU\TPU\subj\12577
|9 39340
|
| 606 |
1 |
|
|a Промышленное оборудование
|x Проектирование
|2 stltpush
|3 (RuTPU)RU\TPU\subj\52278
|9 70764
|
| 610 |
1 |
|
|a система "человек-машина"
|
| 610 |
1 |
|
|a информация
|
| 610 |
1 |
|
|a зрительное предъявление
|
| 610 |
1 |
|
|a слуховое предъявление
|
| 610 |
1 |
|
|a речевая связь
|
| 610 |
1 |
|
|a динамика
|
| 610 |
1 |
|
|a органы управления
|
| 610 |
1 |
|
|a группы
|
| 610 |
1 |
|
|a рабочие места
|
| 610 |
1 |
|
|a организация
|
| 610 |
1 |
|
|a техническое обслуживание
|
| 610 |
1 |
|
|a ремонт
|
| 610 |
1 |
|
|a оборудование
|
| 610 |
1 |
|
|a работоспособность
|
| 610 |
1 |
|
|a антропометрия
|
| 675 |
|
|
|a 681.5
|v 4
|
| 675 |
|
|
|a 658.274
|v 4
|
| 702 |
|
1 |
|a Морган
|b К. Т.
|g Клиффорд Т.
|4 340
|
| 702 |
|
1 |
|a Чапанис
|b А.
|g Альфонс
|4 340
|
| 702 |
|
1 |
|a Кук
|b Д. С.
|g Джесси С.
|4 340
|
| 702 |
|
1 |
|a Ланд
|b М. У.
|g Макс У
|4 340
|
| 801 |
|
1 |
|a RU
|b 63413507
|c 20180206
|
| 801 |
|
2 |
|a RU
|b 63413507
|c 20180206
|g RCR
|
| 942 |
|
|
|c BK
|